Long Island Cities/Towns (Nassau/Suffolk Counties) - Statistics

General Stats
  • This quiz has been taken 73 times
    71 since last reset
  • The average score is 7 of 15
Answer Stats
County Population Town/City % Correct
Nassau 786k Hempstead
75%
Suffolk 203k Huntington
66%
Suffolk 337k Islip
61%
Suffolk 36k Riverhead
59%
Nassau 298k Oyster Bay
57%
Suffolk 217k Babylon
52%
Suffolk 115k Smithtown
50%
Suffolk 488k Brookhaven
48%
Nassau 35k Long Beach
45%
Nassau 28k Glen Cove
41%
Nassau 235K North Hempstead
39%
Suffolk 70k Southampton
39%
Suffolk 29k East Hampton
38%
Suffolk 24k Southold
32%
Suffolk 3k Shelter Island
30%
No matching quizzes found
Score Distribution
Percent of People with Each Score
Percentile by Number Answered
Your Score History
You have not taken this quiz since the last reset